000 00344nam a22001457a 4500
003 SGT
082 _a615.53
_bY21S
100 _a SHARMA, SHREE RAM
245 _aYUGDRISTA KA JIVAN DARSHAN
260 _aMATHURA
_bAKHAND JYOTI SANSTHAN
_c2021
300 _a752
650 _aAYURVEDA
653 _aYUGDRISTA KA JIVAN DARSHAN
942 _2ddc
_cBK
999 _c32273
_d32273